000 01042nam a2200301Ia 4500
001 Para_8909
003 CHAP
008 220125s2004 xx 000 0 und d
010 _a207650
040 _cCHAP
090 _aPA TESIS 1853
100 _aTéllez Crespín, Oscar Danilo
_9113543
245 _aAplicación de herbicidas en bandas de caña de azucar (Saccharum officinarum) en San José Teruel, Tepeojuma, Puebla /
_c por Oscar Danilo Téllez Crespín
260 _aChapingo, Méx. :
_b el autor
300 _a99 h.
502 _aTesis (M.C. Esp. Protección Vegetal) UACh Departamento Parasitología Agrícola
650 _a3, Malas hierbas
_x control
_9174181
650 _aCaña de azúcar
_x malas hierbas
_xcontrol
_918625
650 _aHerbicidas
_953691
710 _aUACh. Departamento Parasitología Agrícola
_9164025
901 _aPA TESIS 1853
902 _aA
905 _a0000002004 din 0000000000 00
910 _a2004
942 _cPARA
942 _cPARA
_d1
999 _c207650
_d207650